[Event "Corsica-chT"]
[Site "Ponte Leccia"]
[Date "2010.03.28"]
[Round "1"]
[White "Chaptal, Pierrick"]
[Black "Giammattei, Joseph"]
[Result "0-1"]
[WhiteElo "1199"]
[BlackElo "1490"]
[PlyCount "62"]
[EventDate "2010.03.28"]
[EventType "team-tourn"]
[EventRounds "9"]
[EventCountry "FRA"]
[SourceTitle "EXT 2012"]
[Source "ChessBase"]
[SourceDate "2011.11.24"]
[SourceVersion "1"]
[SourceVersionDate "2011.11.24"]
[SourceQuality "1"]

1. e4 c6 2. Nc3 d5 3. d3 dxe4 4. dxe4 Qxd1+ 5. Nxd1 e5 6. Nc3 Bb4 7. Nf3 Bd6 8. Bc4 b5 9. Nxb5 cxb5 10. Bxb5+ Bd7 11. Bc4 h6 12. Bd5 Bc6 13. Bc4 Nf6 14. Nh4 0-0 15. Nf5 Bc5 16. Bxh6 gxh6 17. Nxh6+ Kg7 18. Nf5+ Kh7 19. 0-0 Bxe4 20. Ne7 Bxe7 21. Rfd1 Rg8 22. h3 Rxg2+ 23. Kh1 Rg5+ 24. f3 Bxf3+ 25. Kh2 Bc5 26. Re1 Bf2 27. Re4 Bxe4 28. Rd1 Bf3 29. Rd7 Be3 30. Rxf7+ Kg6 31. c3 Bf4# 0-1